Aplikácia rýchlej odozvy vo výrobe diplomová práca

Gespeichert in:
Bibliographische Detailangaben
1. Verfasser: Hrnčiarová, Katarína
Körperschaft: Fakulta podnikového manažmentu EU. Katedra manažmentu výroby a logistiky - zrušená
Weitere Verfasser: Dupaľ, Andrej
Format: Buch
Sprache:Slowakisch
Veröffentlicht: Bratislava 2020
Tags: Tag hinzufügen
Keine Tags, Fügen Sie das erste Tag hinzu!

MARC

LEADER 00000nbm a2200000 4500
001 0265992
005 20201123091053.6
041 0 |a slo 
044 |a SK 
245 1 0 |a Aplikácia rýchlej odozvy vo výrobe  |b diplomová práca  |c Katarína Hrnčiarová ; školiteľ: Andrej Dupaľ 
264 1 |a Bratislava  |c 2020 
300 |a 77 s. 
100 1 |a Hrnčiarová, Katarína 
700 1 |a Dupaľ, Andrej 
710 2 |a Fakulta podnikového manažmentu EU. Katedra manažmentu výroby a logistiky - zrušená